Thavale Folklore (Record no. 136838)

MARC details
000 -LEADER
fixed length control field 00436nam a22001697a 4500
003 - CONTROL NUMBER IDENTIFIER
control field OSt
005 - DATE AND TIME OF LATEST TRANSACTION
control field 20250423113901.0
008 - FIXED-LENGTH DATA ELEMENTS--GENERAL INFORMATION
fixed length control field 250423b |||||||| |||| 00| 0 eng d
040 ## - CATALOGING SOURCE
Transcribing agency SBCL
082 ## - DEWEY DECIMAL CLASSIFICATION NUMBER
Classification number 398
Item number ANT-T
100 ## - MAIN ENTRY--PERSONAL NAME
Personal name Antony,P
245 ## - TITLE STATEMENT
Title Thavale Folklore
260 ## - PUBLICATION, DISTRIBUTION, ETC.
Place of publication, distribution, etc. Manganam
Name of publisher, distributor, etc. Carnival Publications
Date of publication, distribution, etc. 2023
300 ## - PHYSICAL DESCRIPTION
Extent 133p.
650 ## - SUBJECT ADDED ENTRY--TOPICAL TERM
Topical term or geographic name entry element Customs, etiquette & folklore
942 ## - ADDED ENTRY ELEMENTS (KOHA)
Koha item type BOOK
650 ## - SUBJECT ADDED ENTRY--TOPICAL TERM
Source of heading or term Social sciences
Form subdivision Folklore
Holdings
Withdrawn status Lost status Source of classification or shelving scheme Damaged status Not for loan Home library Current library Date acquired Total Checkouts Full call number Barcode Shelving location Date last seen Date last checked out Cost, replacement price Price effective from Koha item type
    Dewey Decimal Classification     SB LIBRARY SB LIBRARY 23/04/2025 2 398 ANT-T 142712 GENERAL STACK 23/02/2026 04/02/2026 230.00 23/04/2025 BOOK

Powered by Koha